zpět

Detail výsledku týmu

Trojka, Brno

Datum a čas kvízu

29 Celkem bodů Celkový počet nahraných bodů na tomto kvízu bez doplňovacích otázek.
8. Pořadí na kvízu Konečné umístění týmu na tomto kvízu.

Zaznamenané odpovědi

# Otázka Odpověď Body Výsledky
1. Obyvatelé brněnské části Slati... křeček (polní) 1
2. Jeden z vysoce postavených stá... na Slovensku 1
3. V sobotu proběhl velkolepý kon... Rio de Janeiro 1
4. Minulý týden byl na aukci v ji... (zlaté) hodinky 1
5. Co způsobilo posunutí začátku... C) na hřišti se usadil včelí roj 1
6. Vítězné téma facebookového hla... Baryk 0
7. Jak se jmenoval herec, který v... Lubomír Kostelka 0
8. Který zahraniční dětský seriál... Tlapková patrola 0
9. Která z těchto postav je nejme... D) Zip 1
10. Ze které země pochází seriál V... z Japonska 0